[Event "Mistrzostwa Polski Juniorow do lat 16 - Dziewczeta"]
[Site "Ustron – Jaszowiec"]
[Date "1899-12-30"]
[Round "1.1"]
[White "Trusz, Julia"]
[Black "Kucharska, Honorata"]
[Result "1-0"]
[WhiteTitle "I+"]
[BlackTitle "k+"]
[WhiteElo "1688"]
[BlackElo "2093"]

1. e4 e6 2. d4 d5 3. Nd2 c5 4. exd5 exd5 5. Ngf3 Nc6 6. Bb5 Bd6 7. dxc5 Bxc5 8.
O-O Nge7 9. Nb3 Bd6 10. Re1 O-O 11. Bg5 Bg4 12. h3 Bh5 13. Be2 Bg6 14. c3 h6 15.
Bxe7 Nxe7 16. Bd3 Bh5 17. Be2 a6 18. Nfd4 Bg6 19. Bd3 Bc7 20. Bxg6 Nxg6 21. Nf5
Ne5 22. Qxd5 Qf6 23. Nbd4 Kh7 24. Qxb7 Rac8 25. Qe4 g6 26. Ne3 Qd6 27. Rad1 Rce8
28. Qd5 Qf6 29. Nf3 Qf4 30. Nxe5 Rxe5 31. Qf3 Qa4 32. Nd5 Rf5 33. Qe4 Qc6 34.
Ne7 Qxe4 35. Rxe4 Rb5 36. Nd5 Bb8 37. Re2 Ba7 38. Nb4 a5 39. Nc6 Bb6 40. Rdd2
Kg7 41. Kf1 Rc5 42. Ne5 Rfc8 43. Nd7 R5c6 44. Nxb6 Rxb6 45. Rd7 Rcb8 46. Rdd2
a4 47. Ke1 Rc8 48. a3 Rc5 49. Rd4 Ra5 50. Kd1 Rg5 51. g3 Ra5 52. Kc1 Rf6 53. f4
g5 54. Ree4 Rfa6 55. Re5 Rxe5 56. fxe5 Re6 57. Rxa4 Rxe5 58. Kd2 Rf5 59. Ke3 Re5+
60. Re4 Ra5 61. c4 f5 62. Re6 h5 63. Kd4 Ra7 64. c5 Rf7 65. c6 f4 66. gxf4 gxf4
67. Re2 Kf6 68. b4 f3 69. Rf2 Ke6 70. Ke4 Kd6 71. Rxf3 Re7+ 72. Kd4 Kxc6 73. Rf5
1-0

[Event "Mistrzostwa Polski Juniorow do lat 16 - Dziewczeta"]
[Site "Ustron – Jaszowiec"]
[Date "1899-12-30"]
[Round "1.2"]
[White "Swiech, Joanna"]
[Black "Zamarska, Sylwia"]
[Result "1/2-1/2"]
[WhiteTitle "k"]
[BlackTitle "I++"]
[WhiteElo "1943"]
[BlackElo "1681"]

1. c4 e6 2. g3 d5 3. cxd5 exd5 4. Bg2 Nf6 5. Nf3 Bd6 6. O-O O-O 7. d3 h6 8. Nc3
Re8 9. a3 c6 10. Re1 Bf5 11. b4 a6 12. Bb2 Nbd7 13. Qc2 Qc7 14. Rac1 Rac8 15.
Na4 Ne5 16. Nc5 Nfd7 17. Nxe5 Bxe5 18. e4 Bxb2 19. Qxb2 dxe4 20. dxe4 Nxc5 21.
bxc5 Be6 22. Red1 Rcd8 23. Rxd8 Rxd8 24. Rb1 Bc8 25. Qc3 Qd7 26. Rc1 Kf8 27. f4
Qd2 28. Qxd2 Rxd2 29. Rc3 Ke7 30. Bf1 Kd8 31. Rd3+ Rxd3 32. Bxd3 f6 33. Kf2 Kc7
34. Ke3 b5 35. f5 Kd7 36. Kf4 Ke7 37. e5 fxe5+ 38. Kxe5 Bd7 39. Bc2 a5 40. g4
Be8 41. h4 Bf7 42. g5 hxg5 43. hxg5 a4 44. Kd4 Bd5 45. Kc3 1/2-1/2

[Event "Mistrzostwa Polski Juniorow do lat 16 - Dziewczeta"]
[Site "Ustron – Jaszowiec"]
[Date "1899-12-30"]
[Round "1.3"]
[White "Kulpa, Zuzanna"]
[Black "Rudzinska, Michalina"]
[Result "1-0"]
[WhiteTitle "I++"]
[BlackTitle "k"]
[WhiteElo "1680"]
[BlackElo "1941"]

1. d4 c5 2. d5 Nf6 3. c4 e6 4. Nc3 exd5 5. cxd5 d6 6. e4 g6 7. h3 Bg7 8. Nf3 O-O
9. Bd3 Re8 10. O-O c4 11. Bc2 Bd7 12. a4 Na6 13. Bf4 Qc7 14. Nd4 Rad8 15. Ndb5
Bxb5 16. Nxb5 Qb8 17. Qf3 Nb4 18. Bb1 Nh5 19. Bc1 h6 20. g4 Nf6 21. Bf4 a6 22.
Nxd6 Rxd6 23. e5 Nfxd5 24. exd6 Nxf4 25. Qxf4 Bxb2 26. Qxc4 Qxd6 27. Ba2 Nxa2
28. Rxa2 Bd4 29. Kg2 Qc6+ 30. Qxc6 bxc6 31. Rc2 c5 32. Rb1 a5 33. Rb5 Ra8 34.
Kf3 Kg7 35. Ke4 Kf6 36. h4 Ke6 37. Rb6+ Kd7 38. Kd5 Kc7 39. Rc6+ Kb7 40. Rd6 Kc7
41. Re2 Rf8 42. Re7+ Kb8 43. f3 Bc3 44. Rdd7 f5 45. Rb7+ Ka8 46. Ra7+ Kb8 47.
Reb7+ Kc8 48. Rb3 Rd8+ 49. Kc6 1-0

[Event "Mistrzostwa Polski Juniorow do lat 16 - Dziewczeta"]
[Site "Ustron – Jaszowiec"]
[Date "1899-12-30"]
[Round "1.4"]
[White "Moscicka, Pola"]
[Black "Pyzio, Amelia"]
[Result "1-0"]
[WhiteTitle "k+"]
[BlackTitle "I+"]
[WhiteElo "1925"]
[BlackElo "1656"]

1. c4 c5 2. Nc3 Nf6 3. Nf3 Nc6 4. d4 cxd4 5. Nxd4 g6 6. e4 d6 7. f3 Bg7 8. Nxc6
bxc6 9. Be3 O-O 10. Be2 Qc7 11. O-O a5 12. Rc1 Ba6 13. c5 Bxe2 14. Qxe2 Rfd8 15.
Rfd1 Qb7 16. Na4 Bf8 17. Nb6 Rab8 18. Qc2 e6 19. Nc4 dxc5 20. Rxd8 Rxd8 21. Nxa5
Qb5 22. Nb3 Ra8 23. Rd1 Kg7 24. Qc3 Be7 25. Rd7 Kf8 26. Rxe7 Kxe7 27. Bxc5+ Ke8
28. Qxf6 Qb7 29. Nd2 Rxa2 30. Nc4 1-0

[Event "Mistrzostwa Polski Juniorow do lat 16 - Dziewczeta"]
[Site "Ustron – Jaszowiec"]
[Date "1899-12-30"]
[Round "1.5"]
[White "Bilczewska, Olga"]
[Black "Leczek, Weronika"]
[Result "0-1"]
[WhiteTitle "I"]
[BlackTitle "I++"]
[WhiteElo "1638"]
[BlackElo "1909"]

1. d4 d5 2. c4 e6 3. Nc3 c6 4. Nf3 Bd6 5. Qc2 Ne7 6. cxd5 exd5 7. e4 dxe4 8. Nxe4
Bb4+ 9. Nc3 Bg4 10. Qe4 Bxf3 11. gxf3 O-O 12. Bg5 Qa5 13. Bd2 Nd7 14. Bd3 Ng6
15. O-O Nf6 16. Qf5 Qxf5 17. Bxf5 Nh4 18. Bd3 Nxf3+ 19. Kg2 Nxd2 20. Rfe1 Rfe8
21. f3 b5 22. d5 Rxe1 23. Rxe1 Bxc3 24. dxc6 Ba5 25. Bxb5 Nxf3 26. Re7 Nd4 27.
Ba4 a6 28. a3 Rc8 29. Ra7 g6 30. Rxa6 Bd8 31. b4 Ne4 32. b5 Nc5 0-1

[Event "Mistrzostwa Polski Juniorow do lat 16 - Dziewczeta"]
[Site "Ustron – Jaszowiec"]
[Date "1899-12-30"]
[Round "1.6"]
[White "Guzik, Natalia"]
[Black "Skiba, Aleksandra"]
[Result "1-0"]
[WhiteTitle "I++"]
[BlackTitle "I+"]
[WhiteElo "1875"]
[BlackElo "1633"]

1. d4 Nf6 2. c4 g6 3. Nc3 Bg7 4. e4 d6 5. Be2 O-O 6. Be3 Nbd7 7. g4 e5 8. d5 Nc5
9. f3 a5 10. h4 h5 11. g5 Ne8 12. Qd2 Bd7 13. Nh3 b6 14. Nf2 Rb8 15. Nd3 Qc8 16.
O-O-O Rb7 17. Kb1 Qb8 18. Nb5 Qc8 19. Bf2 Qd8 20. Bg3 Kh7 21. Nxc5 dxc5 22. f4
Bxb5 23. cxb5 exf4 24. Qxf4 Nd6 25. e5 Ne8 26. Qe4 Qe7 27. Bf3 Ra7 28. d6 cxd6
29. exd6 Qxe4+ 30. Bxe4 Bd4 31. Bc6 Ng7 32. Rhe1 Ne6 33. d7 a4 34. Bd6 Rg8 35.
Be7 Nd8 36. Bxd8 Rxd8 37. Re8 Rdxd7 38. Bxd7 Rxd7 39. Ra8 Re7 40. Rxa4 Re2 41.
Raxd4 cxd4 42. Rxd4 Rh2 43. b4 Kg7 44. a4 Re2 45. a5 Re6 46. a6 Re8 47. a7 Re1+
48. Kb2 Re2+ 49. Kc3 Ra2 50. Rd7 Ra4 51. Kb3 Ra1 52. Rb7 Rb1+ 53. Ka2 1-0

[Event "Mistrzostwa Polski Juniorow do lat 16 - Dziewczeta"]
[Site "Ustron – Jaszowiec"]
[Date "1899-12-30"]
[Round "1.7"]
[White "Michalska, Aleksandra"]
[Black "Kostecka, Marika"]
[Result "0-1"]
[WhiteTitle "I"]
[BlackTitle "I++"]
[WhiteElo "1599"]
[BlackElo "1869"]

1. e4 c5 2. c4 Nc6 3. Nc3 g6 4. Nf3 Bg7 5. Be2 e6 6. Rb1 Nge7 7. O-O O-O 8. d3
d5 9. Bd2 b6 10. a3 Bb7 11. Re1 Qd7 12. Qc1 Rfd8 13. Bh6 Bh8 14. Bd1 Nd4 15. h3
Ba6 16. exd5 exd5 17. Nxd4 cxd4 18. Ba4 Qb7 19. Nb5 Nf5 20. Bf4 Rac8 21. Nc7 Rxc7
22. Bxc7 Qxc7 23. cxd5 Qxc1 24. Rbxc1 Bxd3 25. Rc7 b5 26. Bb3 a5 27. a4 Bf6 28.
axb5 Bxb5 29. Ra1 a4 30. Ba2 d3 31. Rb7 Nd6 32. Rb6 Bxb2 33. Rd1 Bc3 34. Rxb5
Nxb5 35. Rxd3 a3 36. Kf1 Re8 37. Rd1 Bb2 38. Bb3 Nc3 39. Rd2 Rb8 40. d6 Kf8 41.
d7 Ke7 42. Bxf7 Rd8 43. Bc4 Rxd7 44. Rxd7+ Kxd7 45. f4 a2 46. Bxa2 Nxa2 47. g4
Bc1 48. Kf2 Bxf4 49. Kf3 g5 50. Ke4 Ke6 51. h4 h6 52. hxg5 hxg5 53. Kd3 Ke5 54.
Ke2 Ke4 55. Kf2 Nc1 56. Kg2 Nd3 57. Kh3 Nf2+ 58. Kg2 Nxg4 59. Kh3 Ne5 60. Kg2
g4 0-1

[Event "Mistrzostwa Polski Juniorow do lat 16 - Dziewczeta"]
[Site "Ustron – Jaszowiec"]
[Date "1899-12-30"]
[Round "1.8"]
[White "Kalinowska, Zuzanna"]
[Black "Gredka, Dominika"]
[Result "1/2-1/2"]
[WhiteTitle "k+"]
[BlackTitle "I++"]
[WhiteElo "1833"]
[BlackElo "1589"]

1. d4 d6 2. Nf3 g6 3. e3 Bg7 4. Be2 Nd7 5. c4 e5 6. Nc3 Ngf6 7. O-O O-O 8. Rb1
Nh5 9. b4 f5 10. Qb3 Kh8 11. Ba3 e4 12. Nd2 Ndf6 13. b5 Re8 14. Bc1 Be6 15. a4
Bf7 16. a5 g5 17. Qd1 Rg8 18. Bb2 Qe8 19. Re1 Bg6 20. b6 axb6 21. axb6 c6 22.
d5 c5 23. Nb5 Qe7 24. Nc7 Rab8 25. Ne6 h6 26. Bxh5 Nxh5 27. Nxg7 Nxg7 28. Ra1
Ra8 29. Qb3 Kh7 30. Ra7 Rab8 31. Nb1 Nh5 32. Nc3 Nf6 33. Nb5 Nd7 34. Nc7 Rgc8
35. Ne6 Bf7 36. Ng7 Bg6 37. Ne6 Bf7 38. Ng7 Bg6 39. Ne6 Bf7 40. Ng7 Bg6 1/2-1/2

[Event "Mistrzostwa Polski Juniorow do lat 16 - Dziewczeta"]
[Site "Ustron – Jaszowiec"]
[Date "1899-12-30"]
[Round "1.9"]
[White "Krzysztynska, Anna"]
[Black "Kaczmarska, Joanna"]
[Result "0-1"]
[WhiteTitle "I"]
[BlackTitle "k"]
[WhiteElo "1578"]
[BlackElo "1822"]

1. e4 e6 2. d4 d5 3. e5 c5 4. c3 Nc6 5. Nf3 Qb6 6. a3 c4 7. Nbd2 Na5 8. Rb1 Bd7
9. b4 cxb3 10. Nxb3 Ba4 11. Nfd2 Rc8 12. Qc2 Qc7 13. Bb2 Ne7 14. Bd3 Nc4 15. Bc1
Ng6 16. g3 Be7 17. O-O O-O 18. Qa2 Nb6 19. Bb2 Nc4 20. Rbc1 Nxb2 21. Qxb2 Qd7
22. Rb1 b6 23. Nc1 Rc7 24. Ne2 Rfc8 25. Ba6 Rd8 26. Bd3 Bf8 27. Ra1 Ne7 28. Nf3
g6 29. Qd2 Bb5 30. Bxb5 Qxb5 31. Rfb1 Qa6 32. a4 Rdc8 33. Rb5 Rc4 34. Qc2 Nc6
35. Qb3 Na5 36. Qb2 R4c6 37. Nd2 R8c7 38. Qc2 Qc8 39. Rc1 Bh6 40. f4 Nc4 41. Nxc4
Rxc4 42. Qb3 Qd7 43. a5 bxa5 44. Rxa5 Rb7 45. Qa2 Bf8 46. Ra1 Rcc7 47. Rc1 Qc8
48. Qd2 Rc4 49. Kg2 Qb8 50. Ra2 Rb3 51. Rca1 Rc7 52. Rc2 Qb6 53. Raa2 a5 54. Ra4
Rc4 55. Rxc4 dxc4 56. Ra2 a4 57. Nc1 Rb1 58. Rc2 a3 59. Na2 Rb2 60. Nb4 Rxc2 61.
Nxc2 Qb2 62. Kh3 a2 63. Qe2 a1=Q 0-1

[Event "Mistrzostwa Polski Juniorow do lat 16 - Dziewczeta"]
[Site "Ustron – Jaszowiec"]
[Date "1899-12-30"]
[Round "1.10"]
[White "Sowa, Wiktoria"]
[Black "Szulc, Patrycja"]
[Result "1-0"]
[WhiteTitle "I+"]
[BlackTitle "I"]
[WhiteElo "1812"]
[BlackElo "1573"]

1. e4 c5 2. Nf3 e6 3. d4 cxd4 4. Nxd4 a6 5. Nc3 b5 6. Bd3 Qc7 7. O-O Nf6 8. a3
Be7 9. Qe2 d6 10. Bd2 Nbd7 11. f4 O-O 12. Rae1 e5 13. Nf5 Nc5 14. fxe5 dxe5 15.
Bg5 Bxf5 16. Rxf5 Nxd3 17. Qxd3 Bc5+ 18. Kh1 Nd7 19. Nd5 Qb7 20. Qg3 Kh8 21. Ref1
f6 22. Be3 Bxe3 23. Qxe3 Rac8 24. R5f2 Rc4 25. b3 Rc6 26. Qg3 Re6 27. Qg4 Ree8
28. Rf3 Nb6 29. Ne3 Qd7 30. Qh4 Qf7 31. Nf5 Nc8 32. Rg3 g6 33. Ne3 Nd6 34. Rgf3
Re6 35. Nd5 g5 36. Qe1 Qg6 37. Re3 Rc8 38. Rf2 Kg7 39. Rd2 Ne8 40. Red3 Nc7 41.
Nc3 Re7 42. Qe3 Ne6 43. Ne2 Rec7 44. Rd7+ Kh8 45. Rxc7 Rxc7 46. Qb6 Re7 47. Ng3
Nd4 48. c3 Re6 49. Qd8+ Re8 50. Qd5 Ne6 51. Nf5 Ng7 52. Nd6 Rf8 53. Qc5 Ne6 54.
Qc6 Qh6 55. Nf5 Nd8 56. Qd6 Qg6 57. Qxf8+ 1-0

[Event "Mistrzostwa Polski Juniorow do lat 16 - Dziewczeta"]
[Site "Ustron – Jaszowiec"]
[Date "1899-12-30"]
[Round "1.11"]
[White "Samujlo, Agnieszka"]
[Black "Raczykowska, Paulina"]
[Result "1-0"]
[WhiteTitle "I+"]
[BlackTitle "I++"]
[WhiteElo "1542"]
[BlackElo "1772"]

1. e4 e5 2. Nf3 Nc6 3. Bc4 Bc5 4. c3 Nf6 5. d4 exd4 6. e5 d5 7. Bb5 Ne4 8. cxd4
Bb6 9. O-O O-O 10. Nc3 f5 11. exf6 Nxf6 12. Bxc6 bxc6 13. Ne5 c5 14. Be3 cxd4
15. Bxd4 Be6 16. b4 Qd6 17. a3 c5 18. Nb5 Qe7 19. bxc5 Bc7 20. Nxc7 Qxc7 21. Re1
Nd7 22. Nxd7 Qxd7 23. Qd3 Qc6 24. Qg3 Rf7 25. Re3 Re8 26. Rf3 Ref8 27. Qe5 Bd7
28. Rg3 Qh6 29. Qxd5 Be6 30. Qg5 Qxg5 31. Rxg5 Bd7 32. f3 Re8 33. Re5 Rxe5 34.
Bxe5 Bc6 35. Kf2 g6 36. Ra2 Rd7 37. Bd6 Kf7 38. Re2 Rb7 39. Re3 Rb2+ 40. Kg3 Rb7
41. Kf4 h6 42. h4 h5 43. Kg5 Rd7 44. g4 hxg4 45. fxg4 Bd5 46. h5 gxh5 47. gxh5
Kg8 48. h6 Kh7 49. Re7+ Rxe7 50. Bxe7 Bg2 51. Bf8 1-0

[Event "Mistrzostwa Polski Juniorow do lat 16 - Dziewczeta"]
[Site "Ustron – Jaszowiec"]
[Date "1899-12-30"]
[Round "1.12"]
[White "Hryn, Zofia"]
[Black "Ossolinska, Matylda"]
[Result "1-0"]
[WhiteTitle "I++"]
[BlackTitle "I"]
[WhiteElo "1767"]
[BlackElo "1515"]

1. c4 c5 2. Nf3 Nc6 3. d4 cxd4 4. Nxd4 Nf6 5. Nc3 e6 6. a3 d5 7. cxd5 Nxd5 8. Nxc6
bxc6 9. Bd2 Ba6 10. Rc1 Nb6 11. Bf4 Qf6 12. g3 Rd8 13. Qc2 Bb7 14. Bg2 Nd5 15.
Bd2 Be7 16. O-O O-O 17. Ne4 Qg6 18. Nc5 Qxc2 19. Rxc2 Bxc5 20. Rxc5 Rd7 21. e4
Nb6 22. Be3 Na4 23. Rc2 Ba6 24. Rfc1 Bb5 25. b3 Nb6 26. a4 Bd3 27. Rxc6 Rfd8 28.
Bxb6 axb6 29. Rxb6 e5 30. Rd1 f6 31. Bh3 Rd4 32. Be6+ Kh8 33. f3 h5 34. Bd5 Be2
35. Rxd4 exd4 36. Kf2 d3 37. Ke3 Rc8 38. Rc6 Rb8 39. Rc3 g6 40. Kd2 f5 41. exf5
gxf5 42. Bc4 Rd8 43. Bxd3 Bxf3 44. Ke3 Bg4 45. b4 Re8+ 46. Kd2 h4 47. Rc5 hxg3
48. hxg3 Rd8 49. Kc3 Rf8 50. a5 Kg7 51. a6 Kg6 52. b5 Bf3 53. b6 Rb8 54. b7 Bxb7
55. axb7 Rxb7 56. Bxf5+ Kf6 57. g4 Rg7 58. Kd4 Rg8 59. Ke4 Re8+ 60. Kf4 Re1 61.
g5+ Kg7 62. Rc7+ Kf8 63. g6 Rf1+ 64. Kg5 Rd1 65. Kf6 Rd8 66. g7+ 1-0

[Event "Mistrzostwa Polski Juniorow do lat 16 - Dziewczeta"]
[Site "Ustron – Jaszowiec"]
[Date "1899-12-30"]
[Round "1.13"]
[White "Koruch, Maria"]
[Black "Szelag, Zuzanna"]
[Result "0-1"]
[WhiteTitle "I"]
[BlackTitle "I++"]
[WhiteElo "1513"]
[BlackElo "1759"]

1. e4 c5 2. Nf3 d6 3. d4 cxd4 4. Nxd4 Nf6 5. Nc3 a6 6. Be3 e5 7. Nb3 Be7 8. f3
Be6 9. Qd2 O-O 10. O-O-O a5 11. Na4 Nbd7 12. Qf2 Qc7 13. Kb1 d5 14. Bc5 Bxc5 15.
Nbxc5 dxe4 16. fxe4 Ng4 17. Nxe6 fxe6 18. Qe1 Nf2 19. Rxd7 Qxd7 20. Nb6 Qd4 21.
Nxa8 Nxh1 22. Nc7 Qg1 0-1

[Event "Mistrzostwa Polski Juniorow do lat 16 - Dziewczeta"]
[Site "Ustron – Jaszowiec"]
[Date "1899-12-30"]
[Round "1.14"]
[White "Kindler, Karolina"]
[Black "Karlyk, Maria"]
[Result "0-1"]
[WhiteTitle "I++"]
[BlackTitle "I"]
[WhiteElo "1738"]
[BlackElo "1501"]

1. d4 d5 2. Nf3 e6 3. Bf4 Nf6 4. e3 Bd6 5. Bg3 O-O 6. Bd3 b6 7. c3 Bb7 8. Nbd2
Ne4 9. Qc2 f5 10. Ne5 Nd7 11. f4 Ndf6 12. Qd1 Nxd2 13. Qxd2 Ne4 14. Qe2 Bxe5 15.
fxe5 c5 16. Bxe4 dxe4 17. Rc1 Qc7 18. O-O c4 19. Qh5 Qf7 20. Qg5 h6 21. Qh4 Kh7
22. Bf4 Rg8 23. Bg5 Qg6 24. Be7 Qf7 25. Bd6 g5 26. Qf2 Qg6 27. g4 f4 28. exf4
gxf4 29. Qxf4 Qxg4+ 30. Qxg4 Rxg4+ 31. Kf2 Rag8 32. Ke3 Rh4 33. Rf2 Rh3+ 34. Ke2
Rf3 35. Be7 Rg4 36. Bf6 Bd5 37. Rcf1 Kg6 38. h4 Rgg3 39. Rxf3 exf3+ 40. Ke3 Kf5
41. Rf2 Rg1 42. b3 b5 43. bxc4 bxc4 44. Rh2 Rd1 45. h5 Rd3+ 46. Kf2 Rd2+ 47. Kg3
Rxh2 48. Kxh2 f2 49. Bg7 f1=Q 50. Bxh6 Qg2# 0-1

[Event "Mistrzostwa Polski Juniorow do lat 16 - Dziewczeta"]
[Site "Ustron – Jaszowiec"]
[Date "1899-12-30"]
[Round "1.15"]
[White "Lascar, Maria Elena"]
[Black "Krzywnicka, Maria"]
[Result "0-1"]
[WhiteTitle "I+"]
[BlackTitle "I+"]
[WhiteElo "1485"]
[BlackElo "1720"]

1. e4 c5 2. Nf3 d6 3. d4 cxd4 4. Nxd4 Nf6 5. Nc3 a6 6. g3 e5 7. Nde2 Be7 8. Bg2
O-O 9. O-O Nbd7 10. h3 b5 11. g4 b4 12. Nd5 Nxd5 13. exd5 a5 14. a3 Ba6 15. Be3
Bg5 16. Qd2 Bxe3 17. fxe3 Qb6 18. Rf2 Bxe2 19. Rxe2 bxa3 20. Rxa3 Qxb2 21. Rxa5
Qb6 22. Rxa8 Rxa8 23. Kh2 Qc5 24. Qd3 g6 25. h4 Ra4 26. Bf3 Ra3 27. Qd2 Nb6 28.
Qe1 Nxd5 29. h5 Rxe3 30. Bxd5 Rxe2+ 31. Qxe2 Qxd5 32. h6 0-1

[Event "Mistrzostwa Polski Juniorow do lat 16 - Dziewczeta"]
[Site "Ustron – Jaszowiec"]
[Date "1899-12-30"]
[Round "1.16"]
[White "Buchta, Agnieszka"]
[Black "Choinska, Debora"]
[Result "1-0"]
[WhiteTitle "I++"]
[BlackTitle "I"]
[WhiteElo "1715"]
[BlackElo "1479"]

1. e4 d6 2. d4 Nf6 3. Nc3 Nbd7 4. Nf3 e5 5. Bc4 Be7 6. O-O O-O 7. a4 b6 8. Ba2
a5 9. Re1 c6 10. h3 h6 11. dxe5 dxe5 12. Nh4 Nc5 13. Ng6 Re8 14. Nxe5 Be6 15.
Bxe6 Nxe6 16. Nxc6 Qc7 17. Nxe7+ Rxe7 18. Be3 Qc6 19. Nd5 Rb7 20. Nxf6+ gxf6 21.
Bxh6 Rd8 22. Qe2 Rc7 23. c3 Rcd7 24. Qf3 Ng5 25. Bxg5 fxg5 26. Qf5 Qg6 27. Qxg6+
fxg6 28. Re2 Rd2 29. Rae1 Kf7 30. Kh2 R8d7 31. e5 Ke6 32. Kg3 Rxe2 33. Rxe2 Rf7
34. Kg4 Rf5 35. f3 Rf4+ 36. Kxg5 Rxa4 37. Kxg6 1-0

[Event "Mistrzostwa Polski Juniorow do lat 16 - Dziewczeta"]
[Site "Ustron – Jaszowiec"]
[Date "1899-12-30"]
[Round "1.17"]
[White "Surpeta, Julia"]
[Black "Dwilewicz, Agata"]
[Result "0-1"]
[WhiteTitle "I"]
[BlackTitle "I+"]
[WhiteElo "1458"]
[BlackElo "1710"]

1. d4 d5 2. Nc3 Nf6 3. Bg5 e6 4. Qd2 Be7 5. f3 h6 6. Bf4 b6 7. Nb5 Na6 8. a3 c6
9. Nc3 Bb7 10. e4 O-O 11. e5 Nh7 12. Bd3 Bh4+ 13. Bg3 c5 14. Nb5 cxd4 15. Nd6
Nc5 16. Bxh7+ Kxh7 17. b4 Ba6 18. bxc5 bxc5 19. f4 Be7 20. Ne2 Bxd6 21. exd6 Qxd6
22. O-O Qe7 23. Rfe1 Bc4 24. Nc1 Qf6 25. Rb1 Rac8 26. Nd3 Qf5 27. Ne5 Rfd8 28.
Rb7 Rf8 29. Nd7 Rfe8 30. Reb1 a6 31. Ne5 Rf8 32. Ra7 Ra8 33. Nd7 Rfc8 34. Rxa8
Rxa8 35. Nxc5 Rc8 36. Nd3 Bb5 37. Ne1 e5 38. fxe5 Qf1# 0-1

[Event "Mistrzostwa Polski Juniorow do lat 16 - Dziewczeta"]
[Site "Ustron – Jaszowiec"]
[Date "1899-12-30"]
[Round "1.18"]
[White "Orlik, Sandra"]
[Black "Kubiak, Aleksandra"]
[Result "1-0"]
[WhiteTitle "I+"]
[BlackTitle "II+"]
[WhiteElo "1698"]
[BlackElo "1320"]

1. e4 a6 2. d4 b5 3. Nf3 Bb7 4. Bd3 Nf6 5. Qe2 e6 6. O-O c5 7. c3 cxd4 8. cxd4
Nc6 9. d5 Nb4 10. Bg5 Be7 11. Bxf6 gxf6 12. a3 Nxd3 13. Qxd3 Qc7 14. Nc3 Bd6 15.
Rac1 Qb6 16. Rcd1 Ke7 17. Rfe1 e5 18. Nh4 Bc5 19. Nf5+ Kf8 20. Qd2 h5 21. b4 Bd6
22. Re3 a5 23. Nxd6 Qxd6 24. Nxb5 Qb6 25. a4 d6 26. Rb1 Ke7 27. Reb3 Bc8 28. Na3
Bd7 29. Nc4 Qc7 30. Nxa5 Bxa4 31. Rc3 Qb6 32. Nc6+ Kd7 33. Rf3 Bxc6 34. dxc6+
Qxc6 35. Rxf6 Ke7 36. Qg5 Rag8 37. Rg6+ Kf8 38. Qd8+ Qe8 39. Qxd6+ Qe7 40. Qb8+
Qe8 41. Qxe8+ Kxe8 42. Rxg8+ Rxg8 43. Rd1 Ke7 44. b5 Rb8 45. Rd5 Ke6 46. g3 f5
47. f4 exf4 48. Rxf5 fxg3 49. hxg3 Rg8 50. Kf2 Rg4 51. Kf3 Kd7 52. Rxh5 Rg6 53.
Rh7+ Ke8 54. Kf4 Rb6 55. Rh5 Kf7 56. Rc5 Kf8 57. Kf5 Kf7 58. e5 Ke7 59. g4 Kf7
60. g5 Re6 61. Rc7+ Re7 62. Rxe7+ Kxe7 63. b6 1-0

[Event "Mistrzostwa Polski Juniorow do lat 16 - Dziewczeta"]
[Site "Ustron – Jaszowiec"]
[Date "1899-12-30"]
[Round "2.1"]
[White "Krzywnicka, Maria"]
[Black "Moscicka, Pola"]
[Result "1/2-1/2"]
[WhiteTitle "I+"]
[BlackTitle "k+"]
[WhiteElo "1720"]
[BlackElo "1925"]

1. e4 c6 2. d4 d5 3. exd5 cxd5 4. Bd3 Nc6 5. c3 Qc7 6. h3 e6 7. Nf3 Nf6 8. Nbd2
Bd6 9. O-O O-O 10. Re1 Rb8 11. Qe2 Nd7 12. Nf1 e5 13. dxe5 Ncxe5 14. Be3 b6 15.
N1d2 Bb7 16. Nxe5 Nxe5 17. Nb3 Nxd3 18. Qxd3 Qc4 19. Rad1 Rbd8 20. Bd4 Rfe8 21.
Qd2 h6 22. Nc1 Bc5 23. b3 Qb5 24. Ne2 Re4 25. Ng3 Rxe1+ 26. Rxe1 Re8 27. Nf5 Rxe1+
28. Qxe1 Bxd4 29. Nxd4 Qd7 30. Qe5 f6 31. Qb8+ Qc8 32. Qxc8+ Bxc8 33. Nc6 Kf7
34. Nxa7 Bd7 35. a4 Ke6 36. Kf1 Kd6 37. Ke2 Kc5 38. Kd3 Bf5+ 39. Kd2 Bd7 40. Kd3
Bf5+ 41. Kd2 Bd7 42. b4+ Kc4 43. b5 Kc5 44. Kd3 1/2-1/2

[Event "Mistrzostwa Polski Juniorow do lat 16 - Dziewczeta"]
[Site "Ustron – Jaszowiec"]
[Date "1899-12-30"]
[Round "2.2"]
[White "Leczek, Weronika"]
[Black "Buchta, Agnieszka"]
[Result "1-0"]
[WhiteTitle "I++"]
[BlackTitle "I++"]
[WhiteElo "1909"]
[BlackElo "1715"]

1. e4 e5 2. Nf3 Nc6 3. d4 exd4 4. Nxd4 Qf6 5. Nxc6 Qxc6 6. Bd3 Nf6 7. O-O d6 8.
Nc3 a6 9. Bg5 Be7 10. Re1 Be6 11. Qe2 h6 12. Bh4 g5 13. Bg3 Nd7 14. Nd5 Bf8 15.
b4 Bg7 16. Rab1 b5 17. c4 bxc4 18. Bxc4 Ne5 19. Rec1 Qd7 20. Nxc7+ Ke7 21. Bxe6
fxe6 22. Nxa8 Rxa8 23. h4 Nc6 24. Rc4 Nd4 25. Qd2 e5 26. Rbc1 Qb5 27. hxg5 hxg5
28. Qxg5+ Bf6 29. Rc7+ Ke8 30. Qg8# 1-0

[Event "Mistrzostwa Polski Juniorow do lat 16 - Dziewczeta"]
[Site "Ustron – Jaszowiec"]
[Date "1899-12-30"]
[Round "2.3"]
[White "Dwilewicz, Agata"]
[Black "Guzik, Natalia"]
[Result "0-1"]
[WhiteTitle "I+"]
[BlackTitle "I++"]
[WhiteElo "1710"]
[BlackElo "1875"]

1. e4 c5 2. Nf3 Nc6 3. d4 cxd4 4. Nxd4 g6 5. c4 Nf6 6. Nc3 d6 7. Be2 Nxd4 8. Qxd4
Bg7 9. Be3 O-O 10. Qd2 a5 11. O-O a4 12. Rac1 Qa5 13. f3 Be6 14. Rfd1 Rfc8 15.
Nb5 Qxd2 16. Rxd2 d5 17. e5 Nd7 18. f4 Bh6 19. Kf2 Nc5 20. Kg1 Nd7 21. Kf2 dxc4
22. Rdc2 Nc5 23. Rd1 Nd3+ 24. Bxd3 cxd3 25. Rxc8+ Rxc8 26. Rxd3 Bxa2 27. Nd4 Bc4
28. Rc3 Be6 29. Nb5 Rxc3 30. Nxc3 Bb3 31. g3 f6 32. exf6 exf6 33. Ne4 Bg7 34.
Nc5 f5 35. Nxb3 axb3 36. Bc1 Kf7 37. Ke3 Ke6 38. Kd3 Kd5 39. h3 h5 40. Ke3 Kc4
41. Ke2 Kd4 42. Kd2 Ke4 43. Ke2 b5 44. Kd2 Kf3 45. Kd3 Kxg3 46. Ke3 Bh6 0-1

[Event "Mistrzostwa Polski Juniorow do lat 16 - Dziewczeta"]
[Site "Ustron – Jaszowiec"]
[Date "1899-12-30"]
[Round "2.4"]
[White "Kostecka, Marika"]
[Black "Orlik, Sandra"]
[Result "1-0"]
[WhiteTitle "I++"]
[BlackTitle "I+"]
[WhiteElo "1869"]
[BlackElo "1698"]

1. e4 c5 2. Nf3 e6 3. d4 cxd4 4. Nxd4 a6 5. Bd3 Bc5 6. Nb3 Be7 7. Qg4 Bf6 8. Qg3
Nc6 9. Nc3 Nge7 10. O-O b5 11. Bf4 e5 12. Be3 d6 13. Nd5 Nxd5 14. exd5 Ne7 15.
Qf3 Bb7 16. Be4 O-O 17. Nd2 Ng6 18. Rac1 Bg5 19. Qh5 Bxe3 20. fxe3 h6 21. Rf2
Nh8 22. h4 Qe8 23. Rcf1 f6 24. Qf5 g6 25. Qg4 Bc8 26. Qg3 Kg7 27. Bf5 Qf7 28.
Bxc8 Raxc8 29. Ne4 Qxd5 30. Nxf6 Qe6 31. h5 g5 32. Rf5 Rf7 33. Qg4 Kf8 34. Rxg5
Qxg4 35. Rxg4 Ke7 36. Rg8 Rcf8 37. Nd5+ Ke8 38. Nc7+ Ke7 39. Rxf8 Kxf8 40. Nxa6
Ke7 41. Rxf7+ Nxf7 42. Nc7 Kd7 43. Nxb5 Kc6 44. a4 Kc5 45. Kf2 Kb4 46. b3 d5 47.
Ke2 Ng5 48. c3+ Kc5 49. b4+ Kc6 50. Kd3 Ne4 51. c4 Ng3 52. cxd5+ Kxd5 53. Nc3+
Kc6 54. Kc4 Nf5 55. b5+ Kd6 56. Nd5 Ng3 57. b6 Kc6 58. a5 Kb7 59. Kb5 Ne4 60.
a6+ 1-0

[Event "Mistrzostwa Polski Juniorow do lat 16 - Dziewczeta"]
[Site "Ustron – Jaszowiec"]
[Date "1899-12-30"]
[Round "2.5"]
[White "Kaczmarska, Joanna"]
[Black "Trusz, Julia"]
[Result "1/2-1/2"]
[WhiteTitle "k"]
[BlackTitle "I+"]
[WhiteElo "1822"]
[BlackElo "1688"]

1. e4 c5 2. Nf3 d6 3. d4 cxd4 4. Nxd4 Nf6 5. Nc3 Nc6 6. g3 e6 7. Bg2 a6 8. Nxc6
bxc6 9. e5 Nd5 10. exd6 Bxd6 11. O-O O-O 12. Ne4 Be7 13. a3 Bb7 14. c4 Nf6 15.
Qb3 Qc7 16. Bf4 e5 17. Bxe5 Qxe5 18. Nxf6+ Bxf6 19. Qxb7 Qxb2 20. Qxb2 Bxb2 21.
Ra2 Rab8 22. Bxc6 Rfd8 23. Bd5 Kf8 24. Rb1 Bd4 25. Rd1 Bc5 26. Rd3 Rd6 27. Rf3
f6 28. Kg2 Rdb6 29. Rd3 Rb2 30. Rxb2 Rxb2 31. Rf3 Ra2 32. Be4 Rxa3 33. Rxa3 Bxa3
34. Bxh7 Ke7 35. Bd3 Kd6 36. c5+ Bxc5 37. Bxa6 Ke5 38. Kf3 Kf5 39. h4 Kg6 40.
Bd3+ Kh6 41. Kg2 g5 42. hxg5+ fxg5 43. f3 Kg7 44. Kh3 Kf6 45. Kg4 Bd6 46. Be4
Bc7 47. f4 gxf4 48. gxf4 Bxf4 49. Kxf4 Ke5+ 1/2-1/2